Welcome to CU Library Online Public Access Catalogue (OPAC)

Craies on legislation : (Record no. 137)

MARC details
000 -LEADER
fixed length control field 00884cam a2200241 a 4500
001 - CONTROL NUMBER
control field 19478910
003 - CONTROL NUMBER IDENTIFIER
control field OSt
005 - DATE AND TIME OF LATEST TRANSACTION
control field 20241023133526.0
008 - FIXED-LENGTH DATA ELEMENTS--GENERAL INFORMATION
fixed length control field 161024s2017 enk b 001 0 eng
020 ## - INTERNATIONAL STANDARD BOOK NUMBER
International Standard Book Number 9780414057203
Qualifying information Hardcover
040 ## -
-- Central University Library
050 00 - LIBRARY OF CONGRESS CALL NUMBER
Classification number KD691
Item number .C7 2017
100 1# - MAIN ENTRY--PERSONAL NAME
Personal name Craies, William Feilden,
Dates associated with a name 1854-1911.
245 10 - TITLE STATEMENT
Title Craies on legislation :
Remainder of title a practitioners' guide to the nature, process, effect and interpretation of legislation /
Statement of responsibility, etc. editor, Daniel Greenberg.
250 ## - EDITION STATEMENT
Edition statement Eleventh edition.
260 ## - PUBLICATION, DISTRIBUTION, ETC.
Place of publication, distribution, etc. London :
Name of publisher, distributor, etc. Sweet & Maxwell,
Date of publication, distribution, etc. 2017.
300 ## - PHYSICAL DESCRIPTION
Extent xciv, 1261 pages ;
Dimensions 24 cm
Other physical details Appendix, Extract, Index
500 ## - GENERAL NOTE
General note Previous edition: 2012.
650 #0 - SUBJECT ADDED ENTRY--TOPICAL TERM
Topical term or geographic name entry element Statutes
Geographic subdivision Great Britain.
650 #0 - SUBJECT ADDED ENTRY--TOPICAL TERM
Topical term or geographic name entry element Law
Geographic subdivision Great Britain
General subdivision Interpretation and construction.
700 1# - ADDED ENTRY--PERSONAL NAME
Personal name Greenberg, Daniel,
Relator term editor.
942 ## - ADDED ENTRY ELEMENTS (KOHA)
Source of classification or shelving scheme Library of Congress Classification
Koha item type Books
Edition Eleventh Ed.
Suppress in OPAC No
999 ## -
-- 137
-- 137
Holdings
Withdrawn status Lost status Source of classification or shelving scheme Damaged status Not for loan Collection Home library Current library Shelving location Date acquired Total checkouts Full call number Barcode Date last seen Copy number Price effective from Koha item type
    Library of Congress Classification     Non-fiction Law Library (Christ Temple) Law Library (Christ Temple) General stacks 04/23/2025   KD691.C7 CRA LLCT00000602 04/23/2025 1 04/23/2025 Books
    Library of Congress Classification     Non-fiction Law Library (Kumasi) Law Library (Kumasi) General stacks 02/07/2025   KD 691.C7 CRA llk00000063 02/07/2025 2 02/07/2025 Books
    Library of Congress Classification     Non-fiction Law Library (Kumasi) Law Library (Kumasi) General stacks 02/07/2025   KD 691.C7 CRA llk00000064 02/07/2025 3 02/07/2025 Books
    Library of Congress Classification     Non-fiction Law Library (Miotso) Law Library (Miotso) Reference 10/23/2024   KD691.C7 CRA llm00000212 10/23/2024 1 10/23/2024 Books
© 2023-2024 Copyright: Central University Libraries. All Rights Reserved | Created by: Mahone Tech Office